| 000 | 00872pam a2200301 a 4500 | ||
|---|---|---|---|
| 001 | 4679048 | ||
| 003 | Ke-BoTe | ||
| 005 | 20220523163350.0 | ||
| 008 | 810706s1981 moua b 001 0 eng | ||
| 010 | _a 81011122 | ||
| 020 | _a0801641829 | ||
| 040 |
_aDLC _cDLC _dDLC |
||
| 050 | 0 | 0 |
_aRK280 _b.O68 |
| 060 | _aQW 65 R8450 | ||
| 082 | 0 | 0 |
_a617.6 _219 |
| 245 | 0 | 0 |
_aOral biology / _c[edited by] Gerald I. Roth, Robert Calmes. |
| 260 |
_aSt. Louis : _bMosby ; _cc1981. |
||
| 300 |
_axii, 482 p . : _bill . ; _c24 cm. |
||
| 504 | _aIncludes bibliographies and index. | ||
| 650 | 0 |
_aTeeth. _96342 |
|
| 650 | 0 |
_aMouth. _96328 |
|
| 650 | 0 |
_aTeeth _xDiseases. _96345 |
|
| 650 | 2 |
_aMouth _xMicrobiology. _96346 |
|
| 700 | 1 |
_aRoth, Gerald I., _d1933- _96347 |
|
| 700 | 1 |
_aCalmes, Robert B. _96348 |
|
| 906 |
_a7 _bcbc _corignew _d1 _eocip _f19 _gy-gencatlg |
||
| 942 |
_2lcc _cBK _n0 |
||
| 999 |
_c3069 _d3069 |
||